Financial accounting (Record no. 63046)

MARC details
000 -LEADER
fixed length control field 01057nam a2200205 a 4500
008 - FIXED-LENGTH DATA ELEMENTS--GENERAL INFORMATION
fixed length control field 120416s1982 ||||||||||||||||| || u
050 ## - LIBRARY OF CONGRESS CALL NUMBER
Classification number HF 5635 Dav
100 ## - MAIN ENTRY--PERSONAL NAME
Personal name Davidson, Sidney
245 10 - TITLE STATEMENT
Title Financial accounting
246 ## -
-- an introduction to concepts, methods and uses
250 ## - EDITION STATEMENT
Edition statement 3rd ed.
260 ## - PUBLICATION, DISTRIBUTION, ETC.
Place of publication, distribution, etc. New York
Name of publisher, distributor, etc. Dryden Press
Date of publication, distribution, etc. 1982
300 ## - PHYSICAL DESCRIPTION
Extent xvi, 773p. : ill
350 ## -
-- 0.00
700 ## - ADDED ENTRY--PERSONAL NAME
Personal name Weil, Roman L
995 ## -
-- ANNEX COLLECTION (Main Library)
-- 0.00
-- 704385
-- CBU-MAIN LIBRARY (Kitwe)
-- 4
-- 0.00
-- HF 5635 Dav
-- AVAILABLE
-- 005535
-- Annex Low-Usage Collection
995 ## -
-- ANNEX COLLECTION (Main Library)
-- 0.00
-- 704249
-- CBU-MAIN LIBRARY (Kitwe)
-- 2
-- 0.00
-- HF 5635 Dav
-- AVAILABLE
-- 005533
-- Annex Low-Usage Collection
995 ## -
-- ANNEX COLLECTION (Main Library)
-- 0.00
-- 704250
-- CBU-MAIN LIBRARY (Kitwe)
-- 1
-- 0.00
-- HF 5635 Dav
-- 4
-- AVAILABLE
-- 005534
-- Annex Low-Usage Collection
995 ## -
-- MAIN LIBRARY OPEN ACCESS
-- 0.00
-- 005532
-- CBU-MAIN LIBRARY (Kitwe)
-- 3
-- 0.00
-- HF 5635 Dav
-- AVAILABLE
-- 005532
-- Main Library Open Access Collection
999 ## -
-- 63046
-- 63046
Holdings
Withdrawn status Lost status Source of classification or shelving scheme Damaged status Not for loan Permanent Location Current Location Date acquired Full call number Barcode Date last seen Price effective from Koha item type Shelving location Total Checkouts
Withdrawn         CBU-MAIN LIBRARY, KITWE. CBU-MAIN LIBRARY, KITWE. 12/24/2022 HF 5635 Dav 005535 12/24/2022 12/24/2022 MONOGRAPH    
          CBU-MAIN LIBRARY, KITWE. CBU-MAIN LIBRARY, KITWE. 12/24/2022 HF 5635 Dav 005533 12/24/2022 12/24/2022 MONOGRAPH    
          CBU-MAIN LIBRARY, KITWE. CBU-MAIN LIBRARY, KITWE. 12/24/2022 HF 5635 Dav 005534 12/24/2022 12/24/2022 MONOGRAPH    
          CBU-MAIN LIBRARY, KITWE. CBU-MAIN LIBRARY, KITWE. 12/24/2022 HF 5635 Dav 005532 12/24/2022 12/24/2022 MONOGRAPH